[Event "Titled Tuesday intern op 23rd Nov"]
[Site "Chess.com INT"]
[Date "2021.11.23"]
[Round "5"]
[White "Bongo Akanga Ndjila, Barthelemy"]
[Black "Nestorovic, Nikola"]
[Result "0-1"]
[WhiteElo "1803"]
[BlackElo "2469"]
[PlyCount "82"]
[EventDate "2021.11.23"]
[EventType "swiss (blitz)"]
[EventRounds "11"]
[EventCountry "USA"]
[SourceTitle "CBM 205 Extra"]
[Source "ChessBase"]
[SourceDate "2022.01.31"]
[SourceVersion "1"]
[SourceVersionDate "2022.01.31"]
[SourceQuality "1"]

1. d4 Nf6 2. c4 c5 3. d5 b5 4. cxb5 a6 5. bxa6 g6 6. Nc3 Bg7 7. e4 0-0 8. Be2 Qa5 9. Bd2 Bxa6 10. Nf3 d6 11. 0-0 Bxe2 12. Qxe2 Qa6 13. Qxa6 Nxa6 14. a3 Rfb8 15. Rab1 Rb3 16. Rfe1 Rab8 17. Na4 Nd7 18. Re3 c4 19. Rxb3 Rxb3 20. Bc3 Bh6 21. Nd2 Bxd2 22. Bxd2 Nac5 23. Nxc5 Nxc5 24. f3 Na4 25. Bh6 f6 26. Kf2 c3 27. Ke2 cxb2 28. Bd2 Rxa3 29. Kd1 Rb3 30. Kc2 Rb5 31. Bc3 Rc5 32. Rxb2 Nxc3 33. Rb7 Kf7 34. Kd3 Nb5 35. g3 f5 36. exf5 gxf5 37. Ke3 Rxd5 38. Kf4 Nd4 39. Kg5 Nxf3+ 40. Kf4 Nxh2 41. g4 Nxg4 0-1

[Event "Titled Tuesday intern op 23rd Nov"]
[Site "Chess.com INT"]
[Date "2021.11.23"]
[Round "1"]
[White "Nestorovic, Nikola"]
[Black "Sanchez, Roberto Daniel"]
[Result "1-0"]
[WhiteElo "2469"]
[BlackElo "1970"]
[PlyCount "99"]
[EventDate "2021.11.23"]
[EventType "swiss (blitz)"]
[EventRounds "11"]
[EventCountry "USA"]
[SourceTitle "CBM 205 Extra"]
[Source "ChessBase"]
[SourceDate "2022.01.31"]
[SourceVersion "1"]
[SourceVersionDate "2022.01.31"]
[SourceQuality "1"]

1. Nf3 d5 2. e3 c6 3. c4 Nf6 4. b3 e6 5. Bb2 Be7 6. Be2 0-0 7. 0-0 Nbd7 8. Nc3 b6 9. d4 Bb7 10. a4 Re8 11. Bd3 dxc4 12. bxc4 c5 13. Qe2 cxd4 14. exd4 Nf8 15. Rfd1 Ng6 16. g3 Rc8 17. h4 Nh5 18. Qe3 Bxh4 19. gxh4 Nxh4 20. Be4 Bxe4 21. Qxe4 Nxf3+ 22. Qxf3 Qg5+ 23. Qg2 Qxg2+ 24. Kxg2 Rxc4 25. Nb5 Re7 26. Rac1 Rxc1 27. Rxc1 h6 28. Rc8+ Kh7 29. Ra8 a5 30. Kf3 Nf6 31. Bc1 Nd5 32. Bf4 g5 33. Bd6 Rd7 34. Ke4 Nf6+ 35. Kf3 Nd5 36. Be5 f6 37. Bd6 Kg6 38. Rh8 Nc3 39. Nxc3 Rxd6 40. Ke4 Rc6 41. Kd3 h5 42. Ne4 h4 43. Rg8+ Kf5 44. Rf8 e5 45. d5 Rc1 46. Rxf6+ Kg4 47. d6 h3 48. Rh6 Rd1+ 49. Nd2 e4+ 50. Ke2 1-0